Groups and geometric analysis : integral geometry, invariant differential operators, and spherical functions /

Guardado en:
Autor Principal: Helgason, Sigurdur, 1927-
Formato: Libro
Idioma:English
Publicado: Orlando : Academic Press, 1984.
Series:Pure and applied mathematics (Academic Press) ; 113.
Materias:
Etiquetas: Agregar Etiqueta
Sin Etiquetas, Sea el primero en etiquetar este registro!
LEADER 00933cam a2200241 a 4500
001 MAT.inmabb006620
008 830509s1984####flua#####b####001#0#eng##
005 20130304104802.0
245 1 0 |a Groups and geometric analysis :  |b integral geometry, invariant differential operators, and spherical functions /  |c Sigurdur Helgason. 
260 |a Orlando :  |b Academic Press,  |c 1984. 
300 |a xix, 654 p. :  |b il. ;  |c 24 cm. 
490 1 |a Pure and applied mathematics ;  |v 113 
504 |a Incluye referencias bibliográficas (p. 611-645) e índice.. 
510 4 |a MR,  |c 86c:22017 
020 |a 0123383013 
100 1 |a Helgason, Sigurdur,  |d 1927- 
830 0 |a Pure and applied mathematics (Academic Press) ;  |v 113. 
650 0 |a Lie groups. 
650 0 |a Geometry, Differential. 
084 |a 22-02 (22E30 22E46 43A85 43A90 44A12 53-02 58-02)  |2 msc2000 
010 |a  83007137  
040 |a DLC  |c DLC  |d DLC 
859 |h 22  |i H474g  |p A-7019  |b BIB. MATEMATICA